[Event "Schachfestival Senioren"]
[Site "Bad Woerishofen"]
[Date "2023.03.07"]
[Round "5.29"]
[White "Schinnerl, Werner"]
[Black "Bjorgvik, Jan Arne"]
[Result "1-0"]
[WhiteElo "1944"]
[BlackElo "1764"]
[PlyCount "113"]
[EventDate "2023.??.??"]
[WhiteTeam "SC Reutte"]
[BlackTeam "NSF"]

1. e4 c6 2. Nf3 d5 3. exd5 cxd5 4. Ne5 Nc6 5. d4 Nxe5 6. dxe5 e6 7. Bd3 d4 8. O-O Be7 9. Qg4 g6 10. Qf3 Rb8 11. Na3 a6 12. Nc4 Bd7 13. Bg5 Bc6 14. Bxe7 Qxe7 15. Qf4 Rd8 16. Nd6+ Kf8 17. Qxd4 f6 18. f4 Kg7 19. Be4 Bxe4 20. Qxe4 Rd7 21. Qc4 f5 22. Rad1 Nh6 23. h3 Rhd8 24. Nc8 Qe8 25. Rxd7+ Qxd7 26. Nd6 Nf7 27. Rd1 Qe7 28. Qc5 Rd7 29. Rd3 h6 30. Qd4 Nxd6 31. exd6+ Qf6 32. c4 Qxd4+ 33. Rxd4 Kf6 34. c5 g5 35. g3 e5 36. fxe5+ Kxe5 37. Rd2 a5 38. Kf2 Kf6 39. b3 Ke6 40. a3 b6 41. b4 axb4 42. axb4 b5 43. Ke3 Ke5 44. Kd3 Ra7 45. Kc3 Rd7 46. Re2+ Kf6 47. Re8 Kf7 48. Re3 Kf6 49. Kd4 f4 50. gxf4 gxf4 51. Re5 f3 52. Ke4 Ra7 53. Rf5+ Ke6 54. Rxf3 Ra4 55. Rb3 Ra1 56. Rd3 Ra8 57. d7 1-0

[Event "Schachfestival Senioren"]
[Site "Bad Woerishofen"]
[Date "2023.03.07"]
[Round "5.30"]
[White "Kirchner, Ulrich"]
[Black "Kainz, Josef"]
[Result "0-1"]
[WhiteElo "1750"]
[BlackElo "1913"]
[PlyCount "94"]
[EventDate "2023.??.??"]
[WhiteTeam "SF Blaustein"]
[BlackTeam "Frauental"]

1. d4 Nf6 2. Nf3 g6 3. c3 Bg7 4. Bf4 d6 5. e3 O-O 6. h3 b6 7. Bd3 Bb7 8. Nbd2 c5 9. O-O cxd4 10. exd4 e5 11. Bg5 Nbd7 12. Ne4 Qc7 13. Nxf6+ Nxf6 14. dxe5 dxe5 15. Bxf6 Bxf6 16. Re1 Rfe8 17. Be4 b5 18. Qc2 Bg7 19. Bxb7 Qxb7 20. Qe4 Qxe4 21. Rxe4 f5 22. Re2 Rad8 23. Rae1 e4 24. Nd2 b4 25. cxb4 Bxb2 26. Nb1 Bf6 27. Kf1 Kf7 28. g3 Rb8 29. a3 Red8 30. Kg2 Rd3 31. Re3 Rbd8 32. Rxd3 Rxd3 33. Re3 Rxe3 34. fxe3 Ke6 35. g4 Kd5 36. gxf5 gxf5 37. Kg3 Bg5 38. Kf2 Kc4 39. Nd2+ Kd3 40. Nf1 Bh4+ 41. Kg2 Be1 42. b5 h5 43. a4 h4 44. Kg1 Ke2 45. Kg2 Ba5 46. Kg1 Kf3 47. Nh2+ Kxe3 0-1

[Event "Schachfestival Senioren"]
[Site "Bad Woerishofen"]
[Date "2023.03.07"]
[Round "5.31"]
[White "Harsch, Martin"]
[Black "Aigner, Georg"]
[Result "1-0"]
[WhiteElo "1888"]
[BlackElo "1742"]
[PlyCount "65"]
[EventDate "2023.??.??"]
[WhiteTeam "Saanenland"]
[BlackTeam "SC Taufkirchen"]

1. e4 e5 2. Nf3 Nc6 3. d4 exd4 4. Nxd4 Bc5 5. Be3 Qf6 6. c3 Nge7 7. Bc4 Bb6 8. O-O d6 9. Nb5 a6 10. Nxd6+ cxd6 11. Bxb6 Ne5 12. Bd4 Qg6 13. Bxe5 dxe5 14. Re1 Bh3 15. Bf1 Rd8 16. Qc2 O-O 17. Nd2 Be6 18. Nc4 f6 19. Ne3 Kh8 20. Rad1 h5 21. b3 h4 22. Rxd8 Rxd8 23. Rd1 Qe8 24. Rxd8 Qxd8 25. Qd1 Qc7 26. Qd2 g5 27. Bc4 Bxc4 28. Nxc4 Nc8 29. h3 Kg7 30. Ne3 Nd6 31. Qxd6 Qxc3 32. Qe7+ Kg8 33. Nf5 1-0

[Event "Schachfestival Senioren"]
[Site "Bad Woerishofen"]
[Date "2023.03.07"]
[Round "5.32"]
[White "Haugg, Gerhard"]
[Black "Stern, Robert"]
[Result "0-1"]
[WhiteElo "1744"]
[BlackElo "1877"]
[PlyCount "120"]
[EventDate "2023.??.??"]
[BlackTeam "Pimlico"]

1. e4 e6 2. d4 d5 3. exd5 exd5 4. Bd3 c5 5. c3 cxd4 6. cxd4 Nc6 7. Be3 Bd6 8. Nc3 Nge7 9. Nge2 O-O 10. O-O Bg4 11. f3 Bh5 12. Bf2 a6 13. a3 Bg6 14. Bxg6 hxg6 15. Qd3 Rc8 16. b4 b5 17. Rac1 Qd7 18. Rc2 Bxb4 19. Ra2 Bd6 20. Bg3 Bxg3 21. Nxg3 Rc7 22. Nce2 Rfc8 23. Rb1 Na5 24. a4 Nc4 25. axb5 axb5 26. Qb3 Rb7 27. Kf2 Rcb8 28. Re1 Ra7 29. Rea1 Rxa2 30. Rxa2 Qb7 31. Nf4 Qb6 32. Nge2 Rd8 33. Nd3 Nf5 34. Qc3 Qe6 35. Nb4 Nfe3 36. Ra1 Re8 37. Nf4 Qd6 38. g3 g5 39. Ng2 Nxg2 40. Kxg2 Qe6 41. Ra2 Qf5 42. Qd3 Qe6 43. Ra1 g6 44. h3 Kg7 45. Rb1 Qd7 46. Nc2 Re6 47. Re1 Rxe1 48. Nxe1 b4 49. Nc2 Qa4 50. Ne3 Qa2+ 51. Kf1 Nd2+ 52. Ke2 Ne4+ 53. Qc2 b3 54. Qxa2 bxa2 55. Nc2 Nxg3+ 56. Kd3 Kf6 57. Kc3 Kf5 58. Kb2 Kf4 59. Nb4 Kxf3 60. Nxa2 Ne4 0-1

[Event "Schachfestival Senioren"]
[Site "Bad Woerishofen"]
[Date "2023.03.07"]
[Round "5.33"]
[White "Schilling, Hans"]
[Black "Bachmann, Rolf"]
[Result "1-0"]
[WhiteElo "1724"]
[BlackElo "1870"]
[PlyCount "91"]
[EventDate "2023.??.??"]
[WhiteTeam "SF Nordost Berlin"]
[BlackTeam "Hammer Sportclub 2008 e. V."]

1. d4 d5 2. Nf3 Nf6 3. e3 e6 4. Bd3 c5 5. c3 Nc6 6. Nbd2 Be7 7. O-O c4 8. Bc2 b5 9. a3 O-O 10. e4 dxe4 11. Nxe4 Qc7 12. Qe2 Bb7 13. Bd2 h6 14. Nxf6+ Bxf6 15. Qe4 Rfd8 16. Qg4 Kh8 17. Qh3 Kg8 18. Qg4 Kf8 19. Bf4 Qd7 20. Rfe1 Ne7 21. Ne5 Qc8 22. Rad1 Bd5 23. f3 Qb7 24. Qh5 Nc6 25. Ng4 Be7 26. Bg3 a5 27. Ne5 Nxe5 28. Bxe5 b4 29. Qg4 f6 30. Bf4 bxa3 31. bxa3 Bxa3 32. Qg6 Bd6 33. Bxh6 gxh6 34. Qxf6+ Kg8 35. Qxh6 Qg7 36. Qh3 Re8 37. Ra1 Ra7 38. Be4 Ree7 39. Rab1 Qg5 40. Rb5 Qd2 41. Reb1 Qe3+ 42. Kf1 Qxc3 43. Rb8+ Bxb8 44. Rxb8+ Kg7 45. Qh7+ Kf6 46. Qg6# 1-0

[Event "Schachfestival Senioren"]
[Site "Bad Woerishofen"]
[Date "2023.03.07"]
[Round "5.34"]
[White "Flockerzi, Armin"]
[Black "Christen, Pierre"]
[Result "0-1"]
[WhiteElo "1669"]
[BlackElo "1855"]
[PlyCount "76"]
[EventDate "2023.??.??"]
[WhiteTeam "VfR-SC Koblenz"]
[BlackTeam "SG Trier 1877 e.V."]

1. d4 d5 2. Nf3 Nf6 3. g3 Bf5 4. Bg2 h6 5. Nbd2 e6 6. c3 Bd6 7. Qb3 b6 8. O-O O-O 9. Re1 c5 10. dxc5 Bxc5 11. e3 Nc6 12. Qd1 Rc8 13. Nb3 Bd6 14. Nbd4 Nxd4 15. Nxd4 Bg6 16. Ne2 Bh5 17. Qa4 a5 18. Nf4 Rc4 19. Qc2 Bg4 20. b3 Bf5 21. e4 Bxe4 22. Bxe4 Rxe4 23. Rxe4 Nxe4 24. Be3 Qc7 25. Ne2 Bc5 26. Bxc5 Qxc5 27. Rf1 Rc8 28. c4 b5 29. Kg2 bxc4 30. f3 cxb3 31. Qxb3 Nd2 32. Qb7 Nxf1 33. Kxf1 e5 34. Kg2 d4 35. Qd7 Qc4 36. Kh3 Rb8 37. Qd6 Re8 38. Qd7 Qc8 0-1

[Event "Schachfestival Senioren"]
[Site "Bad Woerishofen"]
[Date "2023.03.07"]
[Round "5.35"]
[White "Vonach, Bernhard"]
[Black "Meul, Willi"]
[Result "1/2-1/2"]
[WhiteElo "1829"]
[BlackElo "1722"]
[PlyCount "37"]
[EventDate "2023.??.??"]
[WhiteTeam "Sportfr.Windach e.V.1923"]
[BlackTeam "Bruehler SK 1920 e. V."]

1. Nf3 Nf6 2. d4 d5 3. b3 e6 4. Bb2 b6 5. g3 Bb7 6. Bg2 Nbd7 7. Nbd2 Be7 8. O-O O-O 9. c4 c5 10. cxd5 Bxd5 11. Re1 Ne4 12. Ne5 f5 13. Nxd7 Qxd7 14. Nxe4 Bxe4 15. Bxe4 fxe4 16. dxc5 Qxd1 17. Rexd1 Bxc5 18. Bd4 Be7 19. Rac1 1/2-1/2

[Event "Schachfestival Senioren"]
[Site "Bad Woerishofen"]
[Date "2023.03.07"]
[Round "5.36"]
[White "Rothenhagen, Siegfried"]
[Black "Emser, Heinrich"]
[Result "1/2-1/2"]
[WhiteElo "1712"]
[BlackElo "1822"]
[PlyCount "35"]
[EventDate "2023.??.??"]
[WhiteTeam "Sportfr.Windach e.V.1923"]
[BlackTeam "Vereinslos"]

1. d4 d5 2. Bf4 c6 3. Nd2 Nf6 4. e3 Nbd7 5. Ngf3 e6 6. Bd3 Be7 7. h3 Qb6 8. Rb1 c5 9. c3 h6 10. O-O O-O 11. Re1 Bd6 12. Bxd6 Qxd6 13. Qe2 e5 14. dxe5 Nxe5 15. Nxe5 Qxe5 16. Rbd1 Re8 17. e4 Bd7 18. Nf3 1/2-1/2

[Event "Schachfestival Senioren"]
[Site "Bad Woerishofen"]
[Date "2023.03.07"]
[Round "5.37"]
[White "Krotofil, Kurt"]
[Black "Hotz, Herbert"]
[Result "0-1"]
[WhiteElo "1817"]
[BlackElo "1553"]
[PlyCount "64"]
[EventDate "2023.??.??"]
[WhiteTeam "Niendorfer TSV 1919 SAbt"]
[BlackTeam "SC 1970 Lorsch"]

1. d4 Nf6 2. c4 g6 3. Nc3 Bg7 4. e4 d6 5. Nf3 O-O 6. Be2 e5 7. d5 a5 8. O-O Na6 9. Qc2 Nc5 10. b3 Bd7 11. h3 Nh5 12. Re1 f5 13. Nd2 f4 14. Bg4 Nf6 15. Bxd7 Qxd7 16. Nf3 h6 17. Ba3 b6 18. Nh2 g5 19. f3 h5 20. Qe2 Kf7 21. Kf2 Rh8 22. Bb2 Bf8 23. Qc2 Be7 24. a3 g4 25. b4 Nb7 26. hxg4 hxg4 27. Nxg4 Nxg4+ 28. fxg4 Qxg4 29. Qd3 Bh4+ 30. Kg1 Bxe1 31. Rxe1 Rag8 32. Re2 f3 0-1

[Event "Schachfestival Senioren"]
[Site "Bad Woerishofen"]
[Date "2023.03.07"]
[Round "5.39"]
[White "Kumeth, Hartmut"]
[Black "Waltenberger, Udo"]
[Result "1/2-1/2"]
[WhiteElo "1724"]
[BlackElo "1978"]
[PlyCount "47"]
[EventDate "2023.??.??"]
[WhiteTeam "SK Union Oldenburg"]
[BlackTeam "SV Eiche Reichenbrand"]

1. d4 Nf6 2. Nf3 g6 3. Bg5 Bg7 4. e3 O-O 5. c4 c6 6. Nc3 d5 7. Be2 Be6 8. cxd5 cxd5 9. O-O Ne4 10. Bf4 Nxc3 11. bxc3 Nc6 12. Nd2 Na5 13. Nb3 Nc4 14. Bxc4 dxc4 15. Nd2 b5 16. Qc2 f5 17. Rfb1 Bd7 18. Qd1 Bc6 19. Rb2 Qd7 20. Nf3 Bxf3 21. Qxf3 Rac8 22. a4 a6 23. axb5 axb5 24. Rab1 1/2-1/2

[Event "Schachfestival Senioren"]
[Site "Bad Woerishofen"]
[Date "2023.03.07"]
[Round "5.40"]
[White "Wacker, Manfred"]
[Black "Goris, Ton"]
[Result "0-1"]
[WhiteElo "1718"]
[BlackElo "1905"]
[PlyCount "48"]
[EventDate "2023.??.??"]
[WhiteTeam "SC 1997 Lambsheim"]

1. d4 e6 2. c4 c5 3. d5 exd5 4. cxd5 Bd6 5. e4 Nf6 6. Nc3 O-O 7. Bd3 Bc7 8. Nf3 d6 9. h3 a6 10. a4 Re8 11. O-O Nbd7 12. Bf4 Nf8 13. b3 Ng6 14. Bg5 h6 15. Be3 Ba5 16. Bd2 Bxc3 17. Bxc3 Nxe4 18. Qc2 Nxc3 19. Qxc3 Bd7 20. Rfe1 Qf6 21. Qxf6 gxf6 22. a5 Ne5 23. Be2 Bb5 24. Nh4 Bxe2 0-1

[Event "Schachfestival Senioren"]
[Site "Bad Woerishofen"]
[Date "2023.03.07"]
[Round "5.41"]
[White "Bohlin, Jan"]
[Black "Mayer, Dietmar"]
[Result "1-0"]
[WhiteElo "1814"]
[BlackElo "1705"]
[PlyCount "81"]
[EventDate "2023.??.??"]
[WhiteTeam "Majornas SS"]

1. c4 c5 2. g3 g6 3. Bg2 Bg7 4. Nc3 Nc6 5. Nf3 d6 6. O-O e5 7. a3 a5 8. d3 Nge7 9. Rb1 O-O 10. Ne1 Be6 11. Bg5 f6 12. Be3 h6 13. Nc2 f5 14. Bd2 d5 15. cxd5 Nxd5 16. Ne3 Nde7 17. Nc4 Rb8 18. Nb5 Nd5 19. Qc1 Kh7 20. Re1 b6 21. Ne3 Nd4 22. Nxd4 exd4 23. Nc4 Qf6 24. a4 f4 25. Rf1 h5 26. e4 f3 27. Bh1 Ne7 28. b3 Bh3 29. Re1 Bg2 30. Bxg2 fxg2 31. f4 Rh8 32. h4 Qe6 33. Kxg2 g5 34. hxg5 h4 35. Rh1 h3+ 36. Rxh3+ Kg6 37. Qh1 Qc6 38. Ne5+ Bxe5 39. fxe5 Rxh3 40. Qxh3 Nf5 41. Qxf5+ 1-0

[Event "Schachfestival Senioren"]
[Site "Bad Woerishofen"]
[Date "2023.03.07"]
[Round "5.42"]
[White "Auterhoff, Juergen"]
[Black "Eschle, Hubert"]
[Result "1-0"]
[WhiteElo "1706"]
[BlackElo "1776"]
[PlyCount "41"]
[EventDate "2023.??.??"]
[WhiteTeam "Schachfreunde Muenchen"]
[BlackTeam "SC Villingen-Schwenningen"]

1. d4 Nf6 2. Nf3 g6 3. Nc3 Bg7 4. e4 d6 5. Be2 O-O 6. O-O Nbd7 7. Bf4 c6 8. Qd2 b5 9. a3 Re8 10. Rad1 a6 11. h3 c5 12. dxc5 dxc5 13. e5 Nh5 14. Bh2 Bh8 15. Qd5 Ra7 16. e6 fxe6 17. Qxe6+ Kg7 18. Ne5 Qb6 19. Qf7+ Kh6 20. Ng4+ Kg5 21. Ne4+ 1-0

[Event "Schachfestival Senioren"]
[Site "Bad Woerishofen"]
[Date "2023.03.07"]
[Round "5.43"]
[White "Rumsey, Victor B"]
[Black "Eibl, Guenter"]
[Result "1/2-1/2"]
[WhiteElo "1696"]
[BlackElo "1693"]
[PlyCount "43"]
[EventDate "2023.??.??"]
[WhiteTeam "Battersea"]
[BlackTeam "Schachfreunde Muenchen"]

1. d4 d5 2. c4 dxc4 3. Nf3 a6 4. e3 b5 5. a4 Bb7 6. b3 e6 7. axb5 axb5 8. Rxa8 Bxa8 9. bxc4 bxc4 10. Qa4+ Bc6 11. Qxc4 Qd5 12. Qxd5 Bxd5 13. Nc3 Bb4 14. Bd2 Bb7 15. Bd3 Nf6 16. Ke2 Bxf3+ 17. gxf3 O-O 18. Na4 Bxd2 19. Kxd2 Nbd7 20. Rc1 Ra8 21. Bb5 Ra7 22. Nc3 1/2-1/2

[Event "Schachfestival Senioren"]
[Site "Bad Woerishofen"]
[Date "2023.03.07"]
[Round "5.44"]
[White "Knischka, Walter"]
[Black "Schomann, Michael"]
[Result "1/2-1/2"]
[WhiteElo "1795"]
[BlackElo "1630"]
[PlyCount "73"]
[EventDate "2023.??.??"]
[WhiteTeam "SK Oberguenzburg"]
[BlackTeam "TSV Kuecknitz v. 1911 e.V."]

1. d4 d5 2. Bf4 e6 3. Nf3 Nf6 4. e3 Bd6 5. Bg3 b6 6. Nbd2 Bb7 7. Bd3 O-O 8. c3 Ne4 9. Qc2 f5 10. Ne5 Nxd2 11. Qxd2 Nd7 12. f4 a6 13. Qf2 Be7 14. h4 Nxe5 15. fxe5 c5 16. Bf4 c4 17. Be2 Kh8 18. Kd2 Bc6 19. g4 g6 20. g5 Kg7 21. Rag1 Rh8 22. Qg2 b5 23. a3 Kf7 24. h5 Qg8 25. Rh2 Qg7 26. Rgh1 Rag8 27. Rh3 Kf8 28. Qh2 Be8 29. hxg6 Bxg6 30. Bh5 Ke8 31. Bxg6+ Qxg6 32. Rh6 Qf7 33. Qh5 Qxh5 34. R1xh5 Kf7 35. Rxh7+ Rxh7 36. Rxh7+ Rg7 37. Rh5 1/2-1/2

[Event "Schachfestival Senioren"]
[Site "Bad Woerishofen"]
[Date "2023.03.07"]
[Round "5.45"]
[White "Sakowski, Christian"]
[Black "Mueggenburg, Rolf"]
[Result "1/2-1/2"]
[WhiteElo "1761"]
[BlackElo "1643"]
[PlyCount "106"]
[EventDate "2023.??.??"]
[WhiteTeam "SC Muelheim 08/25 e.V."]
[BlackTeam "SSC Graal-Mueritz"]

1. d4 f5 2. g3 Nf6 3. Bg2 g6 4. c4 Bg7 5. Nc3 O-O 6. e3 d6 7. Nf3 Nc6 8. O-O e5 9. dxe5 dxe5 10. Qe2 e4 11. Rd1 Qe7 12. Ne1 Rd8 13. Nc2 Ne5 14. Rxd8+ Qxd8 15. Ne1 Be6 16. b3 c6 17. Bb2 Qc7 18. Rd1 Nf7 19. Qd2 Rd8 20. Qc2 Rxd1 21. Qxd1 Qd6 22. Qxd6 Nxd6 23. Nc2 Nd7 24. Bf1 Ne5 25. Be2 Ndf7 26. Nd4 Bd7 27. c5 Ng5 28. Kg2 Nd3 29. Bxd3 exd3 30. f3 Ne6 31. Nxe6 Bxe6 32. Nd1 Bf8 33. Bd4 Be7 34. Kf2 Bd5 35. Nc3 Be6 36. h4 h5 37. Ke1 Bd8 38. Kd2 Bc7 39. f4 b5 40. cxb6 axb6 41. Kxd3 b5 42. Bc5 Kf7 43. Kd4 Ba5 44. b4 Bd8 45. Bd6 Bb6+ 46. Bc5 Bd8 47. e4 Bf6+ 48. e5 Bd8 49. a3 Bb3 50. Ba7 Be7 51. Bc5 Bd8 52. Ba7 Be7 53. Bc5 Bd8 1/2-1/2

[Event "Schachfestival Senioren"]
[Site "Bad Woerishofen"]
[Date "2023.03.07"]
[Round "5.46"]
[White "Wenske, Hardy"]
[Black "Collins, Alan"]
[Result "1/2-1/2"]
[WhiteElo "1761"]
[BlackElo "1608"]
[PlyCount "98"]
[EventDate "2023.??.??"]
[WhiteTeam "Kieler Schachgesellschaft"]
[BlackTeam "Cowley"]

1. Nf3 d6 2. d4 Nf6 3. e3 Bg4 4. Nbd2 Nbd7 5. h3 Bh5 6. g4 Bg6 7. Nh4 e5 8. Nxg6 hxg6 9. Bg2 c6 10. c3 d5 11. Qe2 Bd6 12. Nb3 e4 13. Nd2 Qe7 14. a3 Nf8 15. b4 Ne6 16. c4 O-O 17. c5 Bc7 18. Bb2 b5 19. h4 a5 20. O-O Ra7 21. g5 Nd7 22. f4 axb4 23. axb4 Rfa8 24. Rxa7 Rxa7 25. Ra1 Rxa1+ 26. Bxa1 Qd8 27. Bc3 Qa8 28. Nb3 Qa3 29. Qb2 Qxb2 30. Bxb2 Nb8 31. Bh3 Nd8 32. Kf2 Ne6 33. Bc1 Kf8 34. Bd2 Ke7 35. Bg4 Bd8 36. Nc1 f5 37. gxf6+ Kxf6 38. Ne2 Kf7 39. Kg3 Nf8 40. Kh3 Nh7 41. Ng3 Nf6 42. Be2 Na6 43. f5 Bc7 44. fxg6+ Kxg6 45. Nh1 Kh6 46. Nf2 g5 47. Ng4+ Nxg4 48. Bxg4 gxh4 49. Kxh4 Bd8+ 1/2-1/2

[Event "Schachfestival Senioren"]
[Site "Bad Woerishofen"]
[Date "2023.03.07"]
[Round "5.47"]
[White "Gottwald, Helmut"]
[Black "Schestak, Herbert"]
[Result "0-1"]
[WhiteElo "1659"]
[BlackElo "1729"]
[PlyCount "100"]
[EventDate "2023.??.??"]
[WhiteTeam "Keiner"]

1. d4 d5 2. Nc3 Bf5 3. Nf3 e6 4. e3 Nd7 5. Bd3 Bg6 6. O-O c6 7. a3 Bd6 8. Re1 Ndf6 9. e4 dxe4 10. Nxe4 Nxe4 11. Bxe4 Nf6 12. Bxg6 hxg6 13. Bg5 Qc7 14. h3 O-O-O 15. Bxf6 gxf6 16. c3 Rh5 17. Kf1 Rdh8 18. Ke2 e5 19. Qc2 Re8 20. Kf1 Rhh8 21. dxe5 fxe5 22. Rad1 f5 23. Ng1 e4 24. Re2 Bf4 25. Rde1 Rd8 26. Rd1 Rxd1+ 27. Qxd1 Rd8 28. Qc2 Rd6 29. Ke1 Qd8 30. g3 Bh6 31. h4 c5 32. Nh3 b5 33. Ng5 Bxg5 34. hxg5 Qxg5 35. Rd2 Rxd2 36. Qxd2 Qxd2+ 37. Kxd2 Kd7 38. Ke3 Ke6 39. Kf4 Kf6 40. f3 g5+ 41. Ke3 exf3 42. Kxf3 Ke5 43. Ke3 c4 44. Kf3 g4+ 45. Ke3 a5 46. Kf2 Ke4 47. Ke2 a4 48. Kf2 Kd3 49. Kf1 Kc2 50. Ke2 Kxb2 0-1

[Event "Schachfestival Senioren"]
[Site "Bad Woerishofen"]
[Date "2023.03.07"]
[Round "5.48"]
[White "Vaclahovsky, Gerhard"]
[Black "Teubner, Wolfgang"]
[Result "1-0"]
[WhiteElo "1648"]
[BlackElo "1817"]
[PlyCount "153"]
[EventDate "2023.??.??"]
[WhiteTeam "SK Keres-Augsburg 1980"]
[BlackTeam "SF Blaustein"]

1. e4 c5 2. Nf3 d6 3. Nc3 e6 4. Bb5+ Bd7 5. O-O Be7 6. d4 cxd4 7. Bxd7+ Qxd7 8. Nxd4 Nf6 9. Bg5 h6 10. Bh4 Nh7 11. Bxe7 Qxe7 12. Ndb5 O-O 13. Qxd6 Nc6 14. Qxe7 Nxe7 15. Rfd1 a6 16. Nd4 Rac8 17. Rd2 Rc7 18. Rad1 Rfc8 19. a3 Nf6 20. Nf3 Ng6 21. Rd8+ Rxd8 22. Rxd8+ Kh7 23. Rd2 Rd7 24. Rxd7 Nxd7 25. Kf1 f6 26. g3 Kg8 27. Ke2 Kf7 28. h3 Ke7 29. Nd2 Kd6 30. Ke3 Ne7 31. f3 b5 32. Ne2 e5 33. c4 Nb6 34. cxb5 axb5 35. b3 g6 36. Nc3 Kc6 37. f4 Nd7 38. Nf3 Kc5 39. Nd2 b4 40. Ncb1 bxa3 41. Nxa3 Kb4 42. Nac4 Nc6 43. fxe5 fxe5 44. Nd6 Nd4 45. Nf7 h5 46. h4 Nxb3 47. Nf3 Kc5 48. N3xe5 Nf8 49. Nh8 Kd6 50. Nhxg6 Nh7 51. Nc4+ Kd7 52. Kf4 Ke6 53. Ke3 Nf6 54. Kf4 Nh7 55. Nge5 Nd4 56. Ke3 Nb5 57. Nf3 Kf6 58. Kf4 Nc7 59. e5+ Kg6 60. Ke4 Ne6 61. Kd5 Nhf8 62. Ne3 Kf7 63. Kd6 Ng6 64. Nf5 Ngf8 65. N5d4 Nd8 66. Ng5+ Ke8 67. Nge6 Nf7+ 68. Kd5 Ng6 69. Ng7+ Kf8 70. Nxh5 Nfxe5 71. Ne6+ Ke7 72. Nef4 Kf7 73. Nxg6 Nxg6 74. Nf4 Nh8 75. Ke5 Kg7 76. g4 Nf7+ 77. Ke6 1-0

[Event "Schachfestival Senioren"]
[Site "Bad Woerishofen"]
[Date "2023.03.07"]
[Round "5.49"]
[White "Wuest, Michael"]
[Black "Dreisch, Juergen"]
[Result "1-0"]
[WhiteElo "1881"]
[BlackElo "1590"]
[PlyCount "61"]
[EventDate "2023.??.??"]
[WhiteTeam "PTSV SK Hof 1892"]
[BlackTeam "SK Markt Schwaben"]

1. e4 d5 2. exd5 Nf6 3. d4 c6 4. Nf3 Qxd5 5. Be2 Bg4 6. O-O e6 7. c4 Qf5 8. Nc3 Bb4 9. Qb3 Qa5 10. a3 Na6 11. axb4 Qxa1 12. Be3 Qxf1+ 13. Kxf1 O-O 14. h3 Bh5 15. g4 Bg6 16. Ne5 Rad8 17. Bf3 Nc7 18. Kg2 Nd7 19. Nxd7 Rxd7 20. b5 c5 21. dxc5 b6 22. cxb6 axb6 23. Bxb6 Na8 24. Be3 Rd3 25. b6 Nxb6 26. Qxb6 h6 27. c5 Rfd8 28. c6 Rc8 29. Qb7 Rdd8 30. c7 Re8 31. Bc6 1-0

[Event "Schachfestival Senioren"]
[Site "Bad Woerishofen"]
[Date "2023.03.07"]
[Round "5.50"]
[White "Richter, Stefan"]
[Black "Leser, Alfred"]
[Result "0-1"]
[WhiteElo "1589"]
[BlackElo "1689"]
[PlyCount "116"]
[EventDate "2023.??.??"]
[WhiteTeam "Langenberg"]
[BlackTeam "Schachfreunde Mengen"]

1. c4 c5 2. e4 e5 3. Nc3 Nc6 4. Nf3 d6 5. h3 g6 6. d3 Bg7 7. Be2 Nge7 8. O-O Bd7 9. Be3 Nd4 10. Rb1 Nec6 11. Bxd4 exd4 12. Nd5 Ne7 13. Nxe7 Qxe7 14. Nh2 O-O 15. Bg4 f5 16. exf5 Bxf5 17. Re1 Qf7 18. Bf3 Kh8 19. Bd5 Qc7 20. Qd2 Rae8 21. g4 Bd7 22. Nf1 Be5 23. Ng3 Bc6 24. Re4 Bxd5 25. cxd5 Qf7 26. Rf1 Qf3 27. Qe2 Qxe2 28. Nxe2 Rf3 29. Kg2 Ref8 30. h4 Kg7 31. b3 b5 32. g5 a5 33. a3 b4 34. a4 Kg8 35. Nc1 R3f5 36. Ne2 Rf3 37. Nc1 Kg7 38. Ne2 h6 39. Nc1 R8f5 40. Ne2 hxg5 41. hxg5 Rf8 42. Nc1 R3f5 43. f4 Rxf4 44. Rexf4 Rxf4 45. Rxf4 Bxf4 46. Ne2 Bxg5 47. Ng3 Bf4 48. Ne4 g5 49. Kf3 Kg6 50. Kg4 Kf7 51. Kf3 Ke7 52. Kg4 Be3 53. Kf5 c4 54. dxc4 d3 55. Kg4 d2 56. Nxd2 Bxd2 57. Kf5 Bf4 58. Kg6 g4 0-1

[Event "Schachfestival Senioren"]
[Site "Bad Woerishofen"]
[Date "2023.03.07"]
[Round "5.51"]
[White "Titz, Waldemar"]
[Black "Koppenhoefer, Heinz"]
[Result "1/2-1/2"]
[WhiteElo "1710"]
[BlackElo "1560"]
[PlyCount "70"]
[EventDate "2023.??.??"]
[WhiteTeam "SV Rottweil"]
[BlackTeam "TSV Solln Schachabteilung"]

1. e4 c6 2. d4 d5 3. f3 dxe4 4. fxe4 e6 5. Nf3 Be7 6. Be2 Nf6 7. Nbd2 h6 8. O-O Nbd7 9. c3 O-O 10. Qc2 b5 11. a3 Bb7 12. Bd3 Qe8 13. Re1 a6 14. Nb3 Qd8 15. Be3 Ng4 16. Bf4 Ngf6 17. Qf2 Nh5 18. Be3 Qc7 19. g3 Nhf6 20. Rad1 Ng4 21. Qe2 Nxe3 22. Qxe3 c5 23. Bb1 c4 24. Nbd2 Nf6 25. Qe2 Rad8 26. e5 Nh7 27. Ne4 Qc6 28. Qc2 g6 29. Rf1 Qe8 30. Rde1 Kg7 31. h4 h5 32. Qd2 Rd7 33. Nfg5 Nxg5 34. Nxg5 Bxg5 35. Qxg5 Qe7 1/2-1/2

[Event "Schachfestival Senioren"]
[Site "Bad Woerishofen"]
[Date "2023.03.07"]
[Round "5.52"]
[White "Hertkorn, Dieter"]
[Black "Schnell, Franz"]
[Result "1-0"]
[WhiteElo "1549"]
[BlackElo "1701"]
[PlyCount "97"]
[EventDate "2023.??.??"]
[WhiteTeam "SF Blaustein"]
[BlackTeam "SV Nusplingen"]

1. e4 d5 2. exd5 Nf6 3. d4 Bg4 4. Nf3 Qxd5 5. Nc3 Qa5 6. Be2 Ne4 7. O-O Nxc3 8. bxc3 e6 9. Ne5 Bxe2 10. Qxe2 Bd6 11. Qf3 O-O 12. Nc4 Qd5 13. Qe2 Nc6 14. Ne3 Qe4 15. Re1 Qh4 16. g3 Qh3 17. Rb1 b6 18. Qf3 Ne7 19. Nc4 Nd5 20. Nxd6 cxd6 21. c4 Nf6 22. Bf4 d5 23. Bd6 Rfe8 24. Be5 Ng4 25. Qg2 Qxg2+ 26. Kxg2 Nxe5 27. dxe5 dxc4 28. Re4 Rac8 29. c3 Rc5 30. f4 b5 31. a3 Rd8 32. Rd4 Rdd5 33. Rbd1 Kf8 34. Kf3 Ke7 35. Ke4 g6 36. Rxd5 Rxd5 37. Rxd5 exd5+ 38. Kxd5 a5 39. Kd4 b4 40. cxb4 c3 41. Kxc3 axb4+ 42. axb4 Kd7 43. Kc4 h5 44. b5 Kc8 45. Kc5 Kc7 46. b6+ Kd7 47. b7 Kc7 48. b8=Q+ Kxb8 49. Kd6 1-0

[Event "Schachfestival Senioren"]
[Site "Bad Woerishofen"]
[Date "2023.03.07"]
[Round "5.53"]
[White "Mahrla, Hans"]
[Black "Walther, Renate"]
[Result "1-0"]
[WhiteElo "1654"]
[BlackElo "1220"]
[PlyCount "61"]
[EventDate "2023.??.??"]
[WhiteTeam "SC Eichenau"]
[BlackTeam "SK 1911 Herzogenaurach e.V."]

1. e4 e5 2. f4 d5 3. exd5 exf4 4. Nf3 Nf6 5. c4 Bd6 6. Be2 O-O 7. O-O Nbd7 8. Nc3 Ne5 9. Nxe5 Bxe5 10. d4 Bd6 11. c5 Be7 12. Bxf4 Re8 13. Bf3 Bf5 14. Nb5 Nxd5 15. Bxd5 Qxd5 16. Nxc7 Qc6 17. Nxe8 Rxe8 18. Re1 h6 19. Bd6 Bf6 20. Rxe8+ Qxe8 21. Qd2 g5 22. Qf2 Qd7 23. Rf1 Kg7 24. Qxf5 Qxf5 25. Rxf5 Bxd4+ 26. Kf1 Bxb2 27. a4 Bc3 28. Rf3 Ba5 29. Rb3 Bb6 30. cxb6 a6 31. Re3 1-0

[Event "Schachfestival Senioren"]
[Site "Bad Woerishofen"]
[Date "2023.03.07"]
[Round "5.54"]
[White "Hoefer, Frank"]
[Black "Narr, Irmgard"]
[Result "0-1"]
[WhiteElo "1425"]
[BlackElo "1620"]
[PlyCount "50"]
[EventDate "2023.??.??"]
[WhiteTeam "TSV Forstenried e.V."]
[BlackTeam "SC Muehlhof-Reichelsdorf e.V."]

1. e4 e6 2. d4 d5 3. exd5 exd5 4. Nf3 Nf6 5. c4 Be6 6. Nc3 dxc4 7. Bxc4 Bxc4 8. Qa4+ Nbd7 9. Qxc4 a6 10. a4 Nb6 11. Qa2 Bd6 12. O-O O-O 13. Bg5 h6 14. Bh4 c6 15. Rad1 Nbd7 16. d5 c5 17. Ne4 Qc7 18. Nxd6 Qxd6 19. Bg3 Qb6 20. Rfe1 Nh5 21. Be5 Nxe5 22. Nxe5 Qd6 23. Nc4 Qg6 24. Re3 Nf4 25. b3 Qxg2# 0-1